|
|
|
|
| LEADER |
01393pam a2200313 a 4500 |
| 001 |
3035563 |
| 005 |
20150128115402.0 |
| 008 |
110526t19991996ii b 001 0 eng |
| 010 |
|
|
|a 95046607
|
| 020 |
|
|
|a 0803992734
|
| 020 |
|
|
|a 0803992742 (pbk.)
|a 8170365058
|a 8170365066
|
| 040 |
|
|
|a DLC
|c DLC
|d DLC
|d BD-DhAAL
|
| 050 |
0 |
0 |
|a HN17.5
|b .V468 1996
|
| 082 |
0 |
0 |
|a 361.2/5
|2 20
|
| 999 |
|
|
|c 10900
|d 10900
|
| 999 |
|
|
|c 10900
|
| 100 |
2 |
|
|a Venkateswara Rao, T.
|9 1249
|
| 245 |
1 |
0 |
|a Human resources development :
|b experiences, interventions, strategies /
|c T.V. Rao.
|
| 260 |
|
|
|a New Delhi ;
|a Thousand Oaks, Calif. :
|b Sage Publications,
|c 1996 [printing 1999].
|
| 300 |
|
|
|a 394 p. ;
|c 25 cm.
|
| 504 |
|
|
|a Includes bibliographical references (p. [373]-384) and index.
|
| 541 |
|
|
|e 00011676
|
| 650 |
|
0 |
|a Social planning.
|9 1250
|
| 650 |
|
0 |
|a Human services
|x Planning.
|9 1251
|
| 650 |
|
0 |
|a Human capital
|x Planning.
|9 1252
|
| 942 |
|
|
|2 ddc
|c BK
|
| 952 |
|
|
|0 0
|1 0
|2 ddc
|4 0
|6 361_250000000000000_VEN
|7 0
|9 16786
|a BRACUL
|b BRACUL
|c GEN
|d 2011-05-26
|l 1
|o 361.25 VEN
|p 3010011676
|r 2011-05-26
|s 2011-05-26
|t 1
|w 2011-05-26
|y BK
|
| 952 |
|
|
|0 0
|1 0
|2 ddc
|4 0
|6 361_250000000000000_VEN
|7 0
|9 43180
|a SCL
|b SCL
|c GEN
|d 1999-01-03
|l 0
|o 361.25 VEN
|p 3020001291
|r 2014-07-15
|t 2
|w 2014-07-15
|y BK
|
| 952 |
|
|
|0 0
|1 0
|2 ddc
|4 0
|6 361_250000000000000_VEN
|7 0
|9 43181
|a SCL
|b SCL
|c GEN
|d 1999-12-18
|l 0
|o 361.25 VEN
|p 3020002535
|r 2014-07-15
|t 3
|w 2014-07-15
|y BK
|